000 00296nam a22001337a 4500
008 171010b xxu||||| |||| 00| 0 eng d
020 _a8780691027648
041 _aeng
080 _a316
100 _a50
101 _aSOC
245 _aMAKERS OF MODERN SOCIETY
_cPARLE.P
942 _2udc
_cBK
999 _c32947
_d32947